Loading...

Short-form creative writing :a writer's guide and anthology

"Short-Form Creative Writing: A Writers' Guide and Anthology is a complete introduction to the art and craft of writing in a variety of short forms. The authors introduce both traditional and innovative approaches to the short form and demonstrate how it possesses structure, logic, and coh...

Full description

Bibliographic Details
Main Author: Hummel, H. K.
Other Authors: Lenox, Stephanie
Format: Printed Book
Published: London Bloomsburry Academic 2019
Series:Bloomsbury writers' guides and anthologies
Subjects:
LEADER 01699cam a2200205 i 4500
999 |c 59131  |d 59131 
020 |a 9781350019881 
082 0 0 |a 808.02  |b HUM/S 
100 1 |a Hummel, H. K. 
245 1 0 |a Short-form creative writing :a writer's guide and anthology 
260 |a London   |b Bloomsburry Academic  |c 2019 
300 |a xxiii, 338p.  |b illustrations ; 
490 0 |a Bloomsbury writers' guides and anthologies 
500 |a Includes indexes. 
520 |a "Short-Form Creative Writing: A Writers' Guide and Anthology is a complete introduction to the art and craft of writing in a variety of short forms. The authors introduce both traditional and innovative approaches to the short form and demonstrate how it possesses structure, logic, and coherence while simultaneously resisting expectations. With discussion questions, writing prompts, flash interviews and glossary of key terms, the book covers: - Prose poetry - Flash and micro fiction - The lyric essay - Short shorts - Micro memoir - Cross-genre/hybrid writing - Nano fiction - Sudden fiction - Drabble - Vignette - Postcard poems/fiction Short-Form Creative Writing also includes an anthology, offering inspiring examples of short-form writing in all of the styles covered by the book, including work by: Charles Baudelaire, Elizabeth Bishop, Jorges Luis Borges, Italo Calvino, Trevor Dodge, Grant Faulkner, Robert Hass, Ilya Kaminsky, Aimee Nezhukumatathil, Philip Levine, Anne Sexton and many others"-- 
650 0 |a Short story. 
650 0 |a Creative writing. 
700 1 |a Lenox, Stephanie, 
942 |c BK 
952 |0 0  |1 0  |4 0  |6 808_020000000000000_HUM_S  |7 0  |9 66228  |a KUCL  |c Stack  |d 2020-07-28  |g 24.99  |l 0  |o 808.02 HUM/S  |p 51003  |r 2020-07-28  |w 2020-07-28  |y BK